Manual of Nursing Practice (Record no. 158018)

MARC details
000 -LEADER
fixed length control field 00390nam a2200145Ia 4500
008 - FIXED-LENGTH DATA ELEMENTS--GENERAL INFORMATION
fixed length control field 230411s9999 xx 000 0 und d
020 ## - INTERNATIONAL STANDARD BOOK NUMBER
International Standard Book Number 978-81-8473-916-9
041 ## - LANGUAGE CODE
Language code of text/sound track or separate title eng
082 ## - DEWEY DECIMAL CLASSIFICATION NUMBER
Classification number F/610.7302/NET/B08140
100 ## - MAIN ENTRY--PERSONAL NAME
Personal name Lippincott
245 ## - TITLE STATEMENT
Title Manual of Nursing Practice
260 ## - PUBLICATION, DISTRIBUTION, ETC. (IMPRINT)
Name of publisher, distributor, etc. Lippincott Williams Wilkins
Place of publication, distribution, etc. Philadelphia
Date of publication, distribution, etc. 2001
300 ## - PHYSICAL DESCRIPTION
Extent 1746p
Holdings
Withdrawn status Lost status Damaged status Not for loan Collection code Home library Current library Date acquired Vendor Cost, normal purchase price Bill number Full call number Barcode Date last seen Cost, replacement price Bill Date Koha item type Original Barcode Total Checkouts Total Renewals Date last checked out
      Reference   Smt. Bakul Tambat Institute of Nursing Education Smt. Bakul Tambat Institute of Nursing Education 05/03/2016 Jaypee Brothers Medical Publishers 2195.00 122 F 610.7302 NET B08140 BTIN-BK-8140 11/04/2023 1492.60 19/11/2003 Books B08140      
      Reference MS Smt. Bakul Tambat Institute of Nursing Education Smt. Bakul Tambat Institute of Nursing Education 29/03/2019 Patil Medical Book House 2499.00 122 MS 610.73 NET B09099 BTIN-BK-9099 11/04/2023 1699.32 19/11/2003 Books B09099      
        MS Smt. Bakul Tambat Institute of Nursing Education Smt. Bakul Tambat Institute of Nursing Education 29/03/2019 Patil Medical Book House 2499.00 122 MS 610.73 NET B09100 BTIN-BK-9100 16/07/2025 1699.32 19/11/2003 Books B09100 24 29 18/06/2025